000 00519cab a2200193 4500
001 X93691
008 090401t1999 xxu||||| |||| 00| 0 eng d
035 _a(Sirsi) u93691
041 _aeng
100 _aChillingworth, P.
245 4 _aThe RDA way to promote sustainable development
260 _c1999
350 _a0
490 _aCSM
_bChartered Surveyor Monthly
_v8(8) April 1999, 30(1)
650 _aREGIONAL DEVELOPMENT AGENCIES
690 _aPLANNING LAW AND PRACTICE
942 _n0
948 _c02/06/1999
999 _c59385
_d59385